000
00318nam a22001337a 4500
008
180920b xxu||||| |||| 00| 0 eng d
020
_a
9781557981943
041
_a
eng
080
_a
370
100
_a
47
101
_a
EDU
245
_a
Dissertation And Theses From Start To Finish
_c
John.C.D
942
_2
udc
_c
BK
999
_c
48140
_d
48140